Voyages entre départements français aléatoires - Statistiques

Statistiques générales
  • Ce quiz a été pris 5 333 fois
  • Le résultat moyen est 14 sur 20
Statistiques - réponses
Départ Département traversé Arrivée % Correct
Gironde Landes Pyrénées-Atlantiques
91%
Côtes-d'Armor Ille-et-Vilaine | Morbihan Loire-Atlantique
90%
Hautes-Alpes Savoie Haute-Savoie
90%
Paris Seine-Saint-Denis | Val-de-Marne Seine-et-Marne
90%
Oise Somme Pas-de-Calais
90%
Drôme Alpes-de-Haute-Provence | Vaucluse Var
89%
Alpes-Maritimes Alpes-de-Haute-Provence Hautes-Alpes
88%
Allier Creuse | Puy-de-Dôme Corrèze
88%
Rhône Ain | Isère Savoie
87%
Eure Eure-et-Loir Loir-et-Cher
87%
Charente-Maritime Gironde Landes
87%
Maine-et-Loire Ille-et-Vilaine | Loire-Atlantique Morbihan
87%
Morbihan Loire-Atlantique Vendée
87%
Aisne Nord | Somme Pas-de-Calais
87%
Bouches-du-Rhône Gard Lozère
86%
Paris Hauts-de-Seine | Seine-Saint-Denis Val-d'Oise
86%
Jura Doubs | Haute-Saône Territoire de Belfort
85%
Ain Isère | Savoie Hautes-Alpes
85%
Meuse Meurthe-et-Moselle Moselle
85%
Jura Côte-d'Or | Saône-et-Loire Nièvre
84%
Aveyron Gard Bouches-du-Rhône
84%
Landes Gers | Lot-et-Garonne Tarn-et-Garonne
84%
Côtes-d'Armor Ille-et-Vilaine Manche
84%
Calvados Manche | Orne Mayenne
84%
Meuse Meurthe-et-Moselle | Vosges Bas-Rhin
84%
Val-de-Marne Seine-et-Marne | Hauts-de-Seine | Seine-Saint-Denis Val-d'Oise
84%
Alpes-Maritimes Var Bouches-du-Rhône
84%
Alpes-de-Haute-Provence Var | Vaucluse Bouches-du-Rhône
84%
Alpes-de-Haute-Provence Vaucluse Gard
84%
Jura Ain | Saône-et-Loire Rhône
83%
Aube Côte-d'Or | Yonne Nièvre
83%
Côtes-d'Armor Ille-et-Vilaine Mayenne
83%
Manche Ille-et-Vilaine Morbihan
83%
Ille-et-Vilaine Loire-Atlantique | Maine-et-Loire Vendée
83%
Aisne Oise | Seine-et-Marne Val-d'Oise
83%
Meurthe-et-Moselle Vosges Territoire de Belfort
83%
Isère Ain | Savoie Haute-Savoie
82%
Gard Aveyron | Hérault Tarn
82%
Gironde Charente-Maritime Vendée
82%
Gironde Charente-Maritime Deux-Sèvres
82%
Alpes-de-Haute-Provence Drôme | Vaucluse Ardèche
82%
Hérault Gard Vaucluse
82%
Mayenne Ille-et-Vilaine Morbihan
82%
Moselle Meurthe-et-Moselle | Bas-Rhin Vosges
82%
Oise Seine-et-Marne | Val-d'Oise Seine-Saint-Denis
82%
Hautes-Alpes Alpes-de-Haute-Provence Alpes-Maritimes
81%
Hautes-Alpes Alpes-de-Haute-Provence Var
81%
Alpes-Maritimes Alpes-de-Haute-Provence | Var Vaucluse
81%
Eure Calvados | Orne Manche
81%
Finistère Côtes-d'Armor | Morbihan Ille-et-Vilaine
81%
Charente-Maritime Dordogne | Gironde Lot-et-Garonne
81%
Calvados Eure Seine-Maritime
81%
Bouches-du-Rhône Gard Hérault
81%
Lot-et-Garonne Gers | Landes Pyrénées-Atlantiques
81%
Dordogne Gironde | Lot-et-Garonne Landes
81%
Aude Haute-Garonne | Tarn Tarn-et-Garonne
81%
Drôme Hautes-Alpes | Isère Savoie
81%
Paris Hauts-de-Seine | Val-de-Marne Essonne
81%
Hautes-Alpes Isère Rhône
81%
Nord Somme Seine-Maritime
81%
Hérault Aude Pyrénées-Orientales
80%
Hérault Aveyron | Gard Lozère
80%
Meurthe-et-Moselle Bas-Rhin | Vosges Haut-Rhin
80%
Charente Charente-Maritime | Dordogne Gironde
80%
Charente Deux-Sèvres | Vienne Maine-et-Loire
80%
Loir-et-Cher Eure-et-Loir | Loiret Essonne
80%
Landes Gers | Pyrénées-Atlantiques Hautes-Pyrénées
80%
Yvelines Hauts-de-Seine | Val-d'Oise Seine-Saint-Denis
80%
Aude Hérault Gard
80%
Ardèche Isère Savoie
80%
Ille-et-Vilaine Maine-et-Loire | Mayenne Sarthe
80%
Somme Oise Val-d'Oise
80%
Essonne Seine-et-Marne | Yvelines | Hauts-de-Seine Val-d'Oise
80%
Aveyron Tarn | Tarn-et-Garonne Haute-Garonne
80%
Ardennes Aisne | Marne Seine-et-Marne
79%
Seine-et-Marne Aisne | Oise Somme
79%
Puy-de-Dôme Allier | Loire Saône-et-Loire
79%
Hautes-Alpes Alpes-de-Haute-Provence | Drôme Vaucluse
79%
Hérault Aveyron | Tarn Tarn-et-Garonne
79%
Charente Charente-Maritime | Deux-Sèvres Vendée
79%
Hautes-Alpes Drôme | Isère Ardèche
79%
Seine-et-Marne Essonne | Seine-Saint-Denis | Val-de-Marne | Val-d'Oise Hauts-de-Seine
79%
Calvados Eure Val-d'Oise
79%
Eure Eure-et-Loir | Yvelines Essonne
79%
Seine-Maritime Eure | Oise Val-d'Oise
79%
Ardèche Gard | Vaucluse Bouches-du-Rhône
79%
Alpes-de-Haute-Provence Hautes-Alpes | Drôme Isère
79%
Bas-Rhin Haut-Rhin | Vosges Territoire de Belfort
79%
Paris Hauts-de-Seine Yvelines
79%
Creuse Indre | Haute-Vienne Vienne
79%
Aisne Oise Eure
79%
Aisne Oise | Somme Seine-Maritime
79%
Bouches-du-Rhône Vaucluse Drôme
79%
Lozère Ardèche | Gard Vaucluse
78%
Haute-Garonne Ariège | Aude Pyrénées-Orientales
78%
Haute-Garonne Aude | Tarn Hérault
78%
Gard Bouches-du-Rhône | Vaucluse Var
78%
Lot Cantal | Corrèze Puy-de-Dôme
78%
Aveyron Cantal | Lot Corrèze
78%
Charente-Maritime Charente | Deux-Sèvres Vienne
78%
Charente Dordogne Lot
78%
Yvelines Essonne | Hauts-de-Seine Val-de-Marne
78%
Orne Eure | Eure-et-Loir Yvelines
78%
Ariège Haute-Garonne Gers
78%
Ardèche Haute-Loire | Lozère Cantal
78%
Alpes-de-Haute-Provence Hautes-Alpes Savoie
78%
Cher Indre | Loir-et-Cher Indre-et-Loire
78%
Indre-et-Loire Indre | Vienne Haute-Vienne
78%
Ain Isère Ardèche
78%
Loire Isère Savoie
78%
Gers Landes | Lot-et-Garonne Gironde
78%
Aveyron Lot | Tarn-et-Garonne Lot-et-Garonne
78%
Corrèze Puy-de-Dôme Loire
78%
Aube Seine-et-Marne Seine-Saint-Denis
78%
Marne Seine-et-Marne Essonne
78%
Essonne Seine-et-Marne | Hauts-de-Seine | Val-de-Marne Seine-Saint-Denis
78%
Ardennes Aisne Oise
77%
Drôme Ardèche Haute-Loire
77%
Isère Ardèche | Drôme Vaucluse
77%
Drôme Ardèche | Isère Loire
77%
Côte-d'Or Aube | Yonne Seine-et-Marne
77%
Lozère Cantal | Haute-Loire Puy-de-Dôme
77%
Charente-Maritime Charente | Dordogne Haute-Vienne
77%
Cantal Corrèze | Puy-de-Dôme Creuse
77%
Calvados Eure | Orne Eure-et-Loir
77%
Indre Indre-et-Loire Maine-et-Loire
77%
Haute-Loire Loire Rhône
77%
Nièvre Loiret | Yonne Seine-et-Marne
77%
Calvados Manche Ille-et-Vilaine
77%
Ardennes Marne Aube
77%
Ardennes Marne | Meuse Haute-Marne
77%
Côte-d'Or Nièvre | Yonne Loiret
77%
Ardèche Vaucluse Var
77%
Saône-et-Loire Ain Haute-Savoie
76%
Isère Ain | Loire | Rhône Saône-et-Loire
76%
Gard Ardèche | Lozère Haute-Loire
76%
Dordogne Charente | Haute-Vienne Vienne
76%
Deux-Sèvres Charente | Vienne Haute-Vienne
76%
Saône-et-Loire Côte-d'Or | Nièvre Yonne
76%
Cher Creuse Corrèze
76%
Eure Eure-et-Loir Loiret
76%
Eure Eure-et-Loir | Orne Sarthe
76%
Loiret Eure-et-Loir | Sarthe Orne
76%
Oise Eure | Val-d'Oise Yvelines
76%
Haute-Garonne Gers | Hautes-Pyrénées Pyrénées-Atlantiques
76%
Haute-Garonne Gers | Tarn-et-Garonne Lot-et-Garonne
76%
Ariège Haute-Garonne Tarn-et-Garonne
76%
Aude Haute-Garonne Hautes-Pyrénées
76%
Côtes-d'Armor Ille-et-Vilaine Maine-et-Loire
76%
Puy-de-Dôme Loire Rhône
76%
Ille-et-Vilaine Manche | Mayenne Orne
76%
Meuse Marne Seine-et-Marne
76%
Marne Meuse Meurthe-et-Moselle
76%
Finistère Morbihan Loire-Atlantique
76%
Allier Nièvre | Saône-et-Loire Côte-d'Or
76%
Pas-de-Calais Somme Seine-Maritime
76%
Jura Ain Haute-Savoie
75%
Nord Aisne Seine-et-Marne
75%
Cher Allier | Creuse Puy-de-Dôme
75%
Haute-Loire Ardèche Vaucluse
75%
Isère Ardèche | Loire Haute-Loire
75%
Pyrénées-Orientales Aude Tarn
75%
Lot Aveyron | Tarn-et-Garonne Tarn
75%
Dordogne Charente-Maritime Vendée
75%
Charente Dordogne | Haute-Vienne Corrèze
75%
Aude Haute-Garonne Gers
75%
Cantal Haute-Loire | Puy-de-Dôme Loire
75%
Haute-Marne Haute-Saône | Vosges Territoire de Belfort
75%
Charente Haute-Vienne Creuse
75%
Loire-Atlantique Ille-et-Vilaine | Maine-et-Loire Mayenne
75%
Maine-et-Loire Ille-et-Vilaine | Mayenne Manche
75%
Allier Loire | Saône-et-Loire Rhône
75%
Cher Loir-et-Cher | Loiret Eure-et-Loir
75%
Vendée Maine-et-Loire | Deux-Sèvres Vienne
75%
Aisne Marne Haute-Marne
75%
Haute-Marne Meuse | Vosges Meurthe-et-Moselle
75%
Seine-Maritime Oise Seine-et-Marne
75%
Eure Oise | Seine-Maritime Somme
75%
Doubs Territoire de Belfort Haut-Rhin
75%
Charente-Maritime Vendée Loire-Atlantique
75%
Isère Ain Jura
74%
Jura Ain Savoie
74%
Haute-Marne Aube | Marne Seine-et-Marne
74%
Ariège Aude Hérault
74%
Creuse Cher | Indre Loir-et-Cher
74%
Creuse Corrèze Lot
74%
Gironde Dordogne Haute-Vienne
74%
Gironde Dordogne | Lot-et-Garonne Lot
74%
Seine-et-Marne Essonne | Val-d'Oise Yvelines
74%
Hautes-Alpes Isère Loire
74%
Allier Loire | Puy-de-Dôme Haute-Loire
74%
Cher Loiret | Nièvre Yonne
74%
Landes Lot-et-Garonne Lot
74%
Aube Marne | Haute-Marne Meuse
74%
Allier Saône-et-Loire Jura
74%
Côte-d'Or Saône-et-Loire Rhône
74%
Côte-d'Or Saône-et-Loire Loire
74%
Haute-Garonne Tarn-et-Garonne Lot
74%
Rhône Ain Haute-Savoie
73%
Marne Aisne Nord
73%
Loire Ardèche Vaucluse
73%
Loire Ardèche | Haute-Loire Lozère
73%
Moselle Bas-Rhin Haut-Rhin
73%
Dordogne Charente | Charente-Maritime Deux-Sèvres
73%
Puy-de-Dôme Corrèze | Creuse Haute-Vienne
73%
Jura Côte-d'Or Yonne
73%
Eure-et-Loir Eure Seine-Maritime
73%
Orne Eure Seine-Maritime
73%
Seine-Maritime Eure Yvelines
73%
Loir-et-Cher Eure-et-Loir Yvelines
73%
Loir-et-Cher Eure-et-Loir | Sarthe Orne
73%
Aveyron Gard Vaucluse
73%
Gers Haute-Garonne | Tarn-et-Garonne Tarn
73%
Marne Haute-Marne Haute-Saône
73%
Corrèze Haute-Vienne Vienne
73%
Loir-et-Cher Indre-et-Loire | Sarthe Maine-et-Loire
73%
Isère Loire Puy-de-Dôme
73%
Eure-et-Loir Loir-et-Cher | Sarthe Indre-et-Loire
73%
Yonne Loiret | Seine-et-Marne Essonne
73%
Gironde Lot-et-Garonne Tarn-et-Garonne
73%
Eure-et-Loir Orne | Sarthe Mayenne
73%
Yonne Seine-et-Marne Seine-Saint-Denis
73%
Lot-et-Garonne Tarn-et-Garonne Tarn
73%
Eure Val-d'Oise Seine-Saint-Denis
73%
Nord Aisne | Somme Oise
72%
Drôme Ardèche Lozère
72%
Côte-d'Or Aube | Haute-Marne Marne
72%
Marne Aube | Seine-et-Marne Yonne
72%
Cantal Aveyron Hérault
72%
Gard Aveyron Tarn-et-Garonne
72%
Lozère Aveyron Tarn
72%
Cantal Aveyron | Lozère Gard
72%
Allier Cher Loir-et-Cher
72%
Loir-et-Cher Cher | Loiret Nièvre
72%
Creuse Corrèze | Haute-Vienne Dordogne
72%
Charente-Maritime Deux-Sèvres | Vendée Maine-et-Loire
72%
Loiret Eure-et-Loir | Essonne Yvelines
72%
Pyrénées-Atlantiques Gers Tarn-et-Garonne
72%
Doubs Haute-Saône | Territoire de Belfort Vosges
72%
Indre Indre-et-Loire | Loir-et-Cher Sarthe
72%
Ardèche Isère | Loire Rhône
72%
Ain Isère | Rhône | Saône-et-Loire Loire
72%
Ardèche Loire Saône-et-Loire
72%
Gers Lot-et-Garonne | Tarn-et-Garonne Lot
72%
Indre-et-Loire Maine-et-Loire Loire-Atlantique
72%
Mayenne Maine-et-Loire Deux-Sèvres
72%
Manche Mayenne | Orne Sarthe
72%
Ardennes Meuse Vosges
72%
Aube Seine-et-Marne Val-de-Marne
72%
Loiret Seine-et-Marne Seine-Saint-Denis
72%
Indre Vienne Deux-Sèvres
72%
Marne Aisne Somme
71%
Creuse Allier | Puy-de-Dôme Loire
71%
Drôme Ardèche | Vaucluse Gard
71%
Aisne Ardennes | Marne Meuse
71%
Gard Aveyron Lot
71%
Lot Aveyron Lozère
71%
Corrèze Cantal | Puy-de-Dôme Haute-Loire
71%
Jura Côte-d'Or | Haute-Saône Haute-Marne
71%
Corrèze Dordogne Gironde
71%
Sarthe Eure-et-Loir Yvelines
71%
Eure-et-Loir Eure | Orne Calvados
71%
Eure-et-Loir Eure | Yvelines Val-d'Oise
71%
Aude Hérault | Tarn Aveyron
71%
Loire-Atlantique Ille-et-Vilaine Manche
71%
Cher Indre Vienne
71%
Loir-et-Cher Indre | Indre-et-Loire Vienne
71%
Ain Isère Drôme
71%
Allier Loire Isère
71%
Cher Loiret Essonne
71%
Eure-et-Loir Loiret Nièvre
71%
Loir-et-Cher Loiret Yonne
71%
Cantal Lot Lot-et-Garonne
71%
Sarthe Maine-et-Loire Deux-Sèvres
71%
Indre-et-Loire Maine-et-Loire | Vienne Deux-Sèvres
71%
Allier Puy-de-Dôme Cantal
71%
Loir-et-Cher Sarthe Mayenne
71%
Aube Seine-et-Marne Essonne
71%
Oise Val-d'Oise Hauts-de-Seine
71%
Marne Aisne | Seine-et-Marne Oise
70%
Cantal Aveyron | Lot Tarn-et-Garonne
70%
Aveyron Cantal | Lozère Haute-Loire
70%
Creuse Cher | Indre Loir-et-Cher
70%
Allier Cher | Nièvre Loiret
70%
Cantal Corrèze | Lot Dordogne
70%
Eure-et-Loir Eure Oise
70%
Oise Eure Orne
70%
Haute-Garonne Gers Landes
70%
Eure-et-Loir Loir-et-Cher Indre
70%
Aveyron Lot Dordogne
70%
Loire-Atlantique Maine-et-Loire Vienne
70%
Calvados Orne Sarthe
70%
Eure-et-Loir Orne Manche
70%
Marne Seine-et-Marne Seine-Saint-Denis
70%
Meurthe-et-Moselle Vosges Haute-Saône
70%
Meuse Vosges Haut-Rhin
70%
Alpes-Maritimes Alpes-de-Haute-Provence Drôme
69%
Gard Ardèche Isère
69%
Isère Ardèche Lozère
69%
Haute-Loire Cantal Lot
69%
Indre Cher Nièvre
69%
Dordogne Corrèze Puy-de-Dôme
69%
Lot Corrèze | Dordogne Haute-Vienne
69%
Corrèze Creuse | Haute-Vienne Indre
69%
Corrèze Dordogne | Lot Lot-et-Garonne
69%
Loiret Essonne Hauts-de-Seine
69%
Calvados Eure Oise
69%
Calvados Eure Yvelines
69%
Ardèche Gard Hérault
69%
Ariège Haute-Garonne Hautes-Pyrénées
69%
Côte-d'Or Haute-Marne Meuse
69%
Marne Haute-Marne | Meuse Vosges
69%
Meuse Haute-Marne | Vosges Haute-Saône
69%
Indre-et-Loire Loir-et-Cher Loiret
69%
Dordogne Lot-et-Garonne Gers
69%
Ille-et-Vilaine Maine-et-Loire Vienne
69%
Indre-et-Loire Maine-et-Loire Vendée
69%
Mayenne Maine-et-Loire Vendée
69%
Loire-Atlantique Maine-et-Loire | Vendée Deux-Sèvres
69%
Allier Nièvre Yonne
69%
Ain Saône-et-Loire Allier
69%
Haut-Rhin Vosges | Territoire de Belfort Haute-Saône
69%
Corrèze Cantal Lozère
68%
Creuse Cher | Allier Nièvre
68%
Charente Dordogne Lot-et-Garonne
68%
Loiret Essonne | Seine-et-Marne Val-de-Marne
68%
Orne Eure Val-d'Oise
68%
Hautes-Pyrénées Haute-Garonne | Gers Tarn-et-Garonne
68%
Sarthe Indre-et-Loire | Maine-et-Loire Vienne
68%
Ain Jura Doubs
68%
Côte-d'Or Jura | Haute-Saône Doubs
68%
Loir-et-Cher Loiret Seine-et-Marne
68%
Corrèze Lot Tarn-et-Garonne
68%
Ille-et-Vilaine Maine-et-Loire Deux-Sèvres
68%
Aisne Marne | Seine-et-Marne Aube
68%
Ardennes Meuse Meurthe-et-Moselle
68%
Aisne Seine-et-Marne Essonne
68%
Marne Seine-et-Marne Val-d'Oise
68%
Aube Seine-et-Marne | Yonne Loiret
68%
Haute-Marne Vosges Bas-Rhin
68%
Ardennes Aisne Nord
67%
Nièvre Allier Puy-de-Dôme
67%
Gard Ardèche Loire
67%
Indre Cher | Loir-et-Cher Loiret
67%
Cantal Corrèze Haute-Vienne
67%
Haute-Saône Côte-d'Or Yonne
67%
Aveyron Gard | Lozère Ardèche
67%
Côte-d'Or Haute-Marne | Haute-Saône Vosges
67%
Drôme Isère Rhône
67%
Cher Loiret Seine-et-Marne
67%
Eure-et-Loir Loiret | Essonne Seine-et-Marne
67%
Mayenne Maine-et-Loire Vienne
67%
Sarthe Maine-et-Loire Vendée
67%
Maine-et-Loire Mayenne | Sarthe Orne
67%
Creuse Puy-de-Dôme Haute-Loire
67%
Eure-et-Loir Sarthe Maine-et-Loire
67%
Aisne Seine-et-Marne Val-de-Marne
67%
Eure-et-Loir Yvelines | Essonne Hauts-de-Seine
67%
Saône-et-Loire Ain Savoie
66%
Aveyron Cantal Puy-de-Dôme
66%
Lot-et-Garonne Gers Hautes-Pyrénées
66%
Hautes-Pyrénées Haute-Garonne Tarn
66%
Aube Haute-Marne Vosges
66%
Creuse Indre Indre-et-Loire
66%
Ardèche Loire | Haute-Loire Puy-de-Dôme
66%
Cher Loir-et-Cher Sarthe
66%
Dordogne Lot | Lot-et-Garonne Tarn-et-Garonne
66%
Indre-et-Loire Maine-et-Loire | Sarthe Mayenne
66%
Marne Seine-et-Marne Val-de-Marne
66%
Aveyron Tarn-et-Garonne Gers
66%
Charente Vienne | Haute-Vienne Indre
66%
Loire Allier | Saône-et-Loire Nièvre
65%
Charente-Maritime Dordogne Lot
65%
Doubs Jura Saône-et-Loire
65%
Ain Jura | Saône-et-Loire Côte-d'Or
65%
Loiret Seine-et-Marne Marne
65%
Eure Yvelines | Val-d'Oise Hauts-de-Seine
65%
Nièvre Côte-d'Or Haute-Saône
64%
Aube Côte-d'Or | Haute-Marne Haute-Saône
64%
Ain Jura Haute-Saône
64%
Eure-et-Loir Loiret Yonne
64%
Ille-et-Vilaine Maine-et-Loire Indre-et-Loire
64%
Cher Nièvre Côte-d'Or
64%
Jura Saône-et-Loire Loire
64%
Indre-et-Loire Sarthe Orne
64%
Aisne Seine-et-Marne Seine-Saint-Denis
64%
Charente Vienne Indre-et-Loire
64%
Maine-et-Loire Vienne Haute-Vienne
64%
Bas-Rhin Vosges Haute-Saône
64%
Cher Allier | Nièvre Saône-et-Loire
63%
Ariège Aude | Haute-Garonne Tarn
63%
Jura Haute-Saône Vosges
63%
Haute-Loire Loire Saône-et-Loire
63%
Loiret Loir-et-Cher Sarthe
63%
Eure Oise | Val-d'Oise Seine-et-Marne
63%
Aube Seine-et-Marne Val-d'Oise
63%
Ardennes Aisne Somme
62%
Aube Côte-d'Or Jura
62%
Côte-d'Or Haute-Saône Territoire de Belfort
62%
Allier Loire Ardèche
62%
Loiret Seine-et-Marne Oise
62%
Oise Seine-et-Marne Yonne
62%
Yonne Seine-et-Marne Val-de-Marne
62%
Haute-Marne Vosges Haut-Rhin
62%
Cher Allier Loire
61%
Cher Creuse | Indre Haute-Vienne
61%
Aisne Seine-et-Marne Yonne
61%
Yonne Seine-et-Marne Val-d'Oise
61%
Haute-Marne Aube | Côte-d'Or Yonne
60%
Hérault Aveyron Lot
60%
Ardèche Gard | Lozère Aveyron
60%
Doubs Haute-Saône Haute-Marne
60%
Dordogne Haute-Vienne Indre
60%
Eure Orne Mayenne
60%
Oise Seine-et-Marne Val-de-Marne
60%
Lozère Aveyron Tarn-et-Garonne
59%
Allier Cher | Creuse Indre
59%
Aube Côte-d'Or Saône-et-Loire
59%
Haute-Marne Côte-d'Or Nièvre
59%
Orne Eure-et-Loir Essonne
59%
Ain Saône-et-Loire Nièvre
59%
Cantal Aveyron Tarn
58%
Sarthe Eure-et-Loir Essonne
58%
Haute-Saône Côte-d'Or | Jura Saône-et-Loire
57%
Charente-Maritime Dordogne Corrèze
57%
Lot-et-Garonne Dordogne Haute-Vienne
57%
Nièvre Saône-et-Loire Rhône
57%
Oise Seine-et-Marne Essonne
57%
Allier Creuse Haute-Vienne
56%
Eure-et-Loir Essonne Val-de-Marne
56%
Loire-Atlantique Maine-et-Loire Sarthe
56%
Creuse Allier Saône-et-Loire
55%
Creuse Cher Loiret
55%
Nièvre Loiret Essonne
55%
Loiret Nièvre Saône-et-Loire
55%
Haute-Marne Côte-d'Or Saône-et-Loire
54%
Aube Seine-et-Marne Oise
54%
Loiret Seine-et-Marne Val-d'Oise
52%
Indre Creuse Puy-de-Dôme
51%
Loir-et-Cher Indre Haute-Vienne
51%
Aisne Seine-et-Marne Loiret
50%
Aucun quiz correspondant
Distribution des résultats
% des personnes avec chaque résultat
Percentile par nombre de réponses
Votre historique - résultats
Vous n’avez pas pris ce quiz